|
|
|
|
| LEADER |
00000nam a2200000Ii 4500 |
| 001 |
DIGUCANT0134 |
| 003 |
NyNyDIG |
| 007 |
cr ||||||||||| |
| 008 |
221108s2021 sp ob 001 0 spa d |
| 006 |
m o d |
| 035 |
|
|
|a (OCoLC)1352724741
|
| 040 |
|
|
|a DGITA
|b eng
|e rda
|e pn
|c DGITA
|
| 020 |
|
|
|a 9788490444771
|q edición electrónica-UCLM
|
| 020 |
|
|
|a 9788417888220
|q edición electrónica-EUC
|
| 020 |
|
|
|z 9788490444764
|q edición impresa-UCLM
|
| 020 |
|
|
|z 9788417888213
|q edición impresa-EUC
|
| 050 |
1 |
4 |
|a PN1992.77.G35 ebook
|
| 100 |
1 |
|
|a Parramón, Pere,
|e author.
|
| 245 |
1 |
0 |
|a Juego de tronos :
|b realidades, ficciones, turismos /
|c Pere Parramon Rubio, F. Xavier Medina.
|
| 264 |
|
1 |
|a Santander :
|b Ediciones de la Universidad de Castilla - La Mancha :
|b Ediciones Universidad Cantabria,
|c [2021]
|
| 300 |
|
|
|a 1 online resource.
|
| 336 |
|
|
|a text
|b txt
|2 rdacontent
|
| 337 |
|
|
|a computer
|b c
|2 rdamedia
|
| 338 |
|
|
|a online resource
|b cr
|2 rdacarrier
|
| 347 |
|
|
|a text file
|2 rdaft
|
| 347 |
|
|
|b PDF
|
| 490 |
1 |
|
|a Colección enclaves culturales ;
|v 6
|
| 504 |
|
|
|a Includes bibliographical references and index.
|
| 588 |
0 |
|
|a Online resource; title from PDF title page (Digitalia, viewed November 8, 2022)
|
| 650 |
|
0 |
|a Game of thrones (Television program)
|
| 650 |
|
0 |
|a Popular culture.
|
| 650 |
|
0 |
|a Television series.
|
| 655 |
|
0 |
|a Electronic books.
|
| 700 |
1 |
|
|a Medina, F. Xavier,
|e author.
|
| 791 |
2 |
|
|a Digitalia (Firm),
|e distributor.
|
| 793 |
0 |
|
|g Digitalia eBook Collection:
|a Universidad de Cantabria
|
| 776 |
0 |
8 |
|i Print version:
|a Parramón, Pere.
|t Juego de tronos.
|d Santander : Ediciones de la Universidad de Castilla - La Mancha : Ediciones Universidad Cantabria, [2021]
|z 9788417888213
|
| 830 |
|
0 |
|a Colección Enclaves culturales ;
|v 6.
|
| 856 |
4 |
0 |
|3 Digitalia Hispánica
|u https://www.digitaliapublishing.com/a/112016/
|
| 910 |
|
|
|a Premium collection: 2022
|